| 000 | 00901nam a2200289 i 4500 | ||
|---|---|---|---|
| 001 | 11610 | ||
| 003 | ES-MaACL | ||
| 005 | 20230906150134.0 | ||
| 007 | t| | ||
| 008 | 891004s1987 sp ||||0| spa d ..| | ||
| 015 | _a1989-OCT-19714 | ||
| 016 | 7 | _zSAB9000060893 | |
| 020 | _a84-239-6535-X | ||
| 040 |
_aM-BN-DP _bspa _cM-BN-DP |
||
| 080 | _a611".../04" | ||
| 080 | _a113/119".../04" | ||
| 100 | 1 |
_aLaín Entralgo, Pedro, _d1908-2001 _969681 |
|
| 245 | 1 | 3 |
_aEl cuerpo humano _b: Oriente y Grecia antigua / _cPedro Laín Entralgo. |
| 260 |
_aMadrid : _bEspasa-Calpe, _cD.L. 1987. |
||
| 300 |
_a208 p : _bil ; _c24 cm. |
||
| 490 | 1 |
_aEspasa universidad ; _v7 |
|
| 650 | 4 |
_aAnatomía humana- _yHasta S.V. _99804 |
|
| 650 | 4 |
_aAntropología filosófica- _yHasta S.V. _99892 |
|
| 830 | 0 |
_aEspasa universidad ; _v7 _9177376 |
|
| 852 |
_aES-MaACL _jL-18987 _bR.124673 |
||
| 999 |
_c11610 _d11610 |
||